The X-Files Franchise - Statistics

General Stats
  • This quiz has been taken 23 times
  • The average score is 6 of 55
Answer Stats
Type Year Name Info % Correct
TV Show 1993-2002, 2016-2018 The X-Files FOX
100%
Comic Series 1995-1998 The X-Files Topps Comics
100%
Film 1998 The X-Files 20th Century Fox
100%
TV Show 2001 The Lone Gunmen FOX
67%
Film 2008 The X-Files: I Want to Believe 20th Century Fox
56%
Novel 2008 The X-Files: I Want to Believe Max Allan Collins
56%
TV Show 1996-1999 Millennium FOX
39%
Comic Mini-Series 2015 Millennium IDW Publishing
39%
Novel 1998 Fight the Future Elizabeth Hand
22%
Anthology Book 2016 The Truth Is Out There Jonathan Mayberry
17%
Novel 2017 The X-Files Origins: Devil's Advocate Jonathan Mayberry
11%
Novel 1994 Goblins Charles L. Grant
6%
Novel 1995 Ground Zero Kevin J. Anderson
6%
Novel 2017 The X-Files Origins: Agent of Chaos Kami Garcia
6%
Video Game 2004 The X-Files: Resist or Serve Vivendi Universal Games
6%
Novel 1997 Antibodies Kevin J. Anderson
0%
Novel 1998 Ascension Quentin Thomas
0%
Novel 1997 Bad Sign Easton Royce
0%
Novel 1997 Control Everett Owens
0%
Novel 1999 Dark Matter Easton Royce
0%
Children's Novel 1996 Darkness Falls Les Martin
0%
Children's Novel 1997 Die Bug, Die! Les Martin
0%
Children's Novel 1997 E.B.E Les Martin / Easton Royce
0%
Novel 1997 Empathy Ellen Steiber
0%
Novel 1997 Eve Ellen Steiber
0%
Children's Novel 1996 Fear Les Martin
0%
Novel 1997 Fresh Bones Les Martin
0%
Children's Novel 1997 Ghost in the Machine Les Martin
0%
Novel 1999 Grotesque Ellen Steiber
0%
Novel 2000 Haunted Ellen Steiber
0%
Novel 1999 Howlers Everett Owens
0%
Children's Novel 1995 Humbug Les Martin
0%
Novel 1998 Hungry Ghosts Ellen Steiber
0%
Novel 1995 Hunter Charles L. Grant
0%
Novel 1998 Miracle Man Terry Bisson
0%
Novel 1997 Our Town Eric Elfman
0%
Novel 1999 Quarantine Les Martin
0%
Novel 1999 Regeneration Everett Owens
0%
Novel 1996 Ruins Kevin J. Anderson
0%
Anthology Book 2016 Secret Agendas Jonathan Mayberry
0%
Children's Novel 1996 Shapes Ellen Steiber
0%
Novel 1999 Skin Ben Mezrich
0%
Children's Novel 1996 Squeeze Ellen Steiber
0%
Novel 1997 The Calusari Garth Nix
0%
Novel 1997 The Host Les Martin
0%
Card Game 1996 The X-Files Collectible Card Game USPCC
0%
Video Game 2018 The X-Files: Deep State FoxNext
0%
Video Game 1998 The X-Files Game Fox Interactive / SCEE
0%
Board Game 1997 The X-Files Trivia Game 20th Century Fox Home Entertainment
0%
Video Game 1998 The X-Files: Unrestricted Access Fox Interactive
0%
Children's Novel 1995 Tiger, Tiger! Les Martin
0%
Anthology Book 2015 Trust No One Jonathan Mayberry
0%
Children's Novel 1997 Voltage Easton Royce
0%
Novel 1995 Whirlwind Charles L. Grant
0%
Children's Novel 1995 X Marks the Spot Les Martin
0%
No matching quizzes found
Score Distribution
Percent of People with Each Score
Percentile by Number Answered
Your Score History
You have not taken this quiz